000
00222nam a22000977a 4500
999
_c
15782
_d
15782
003
OSt
008
191019b ||||| |||| 00| 0 eng d
100
_a
Nehru ,Jawaharlal .
_9
4307
245
_a
India innum naalayam
942
_c
BK